Massachusetts general hospital: comprehensive clinical psychiatry. (2nd ed.) (Record no. 31980)

MARC details
000 -LEADER
fixed length control field 00895nam a2200229 a 4500
008 - FIXED-LENGTH DATA ELEMENTS--GENERAL INFORMATION
fixed length control field 170426s2016 ||||||||||||||||| || u
020 ## - INTERNATIONAL STANDARD BOOK NUMBER
International Standard Book Number 9780323295079
050 ## - LIBRARY OF CONGRESS CALL NUMBER
Classification number RC 455.2 Mas
100 ## - MAIN ENTRY--PERSONAL NAME
Personal name Fava, Maurizio
245 10 - TITLE STATEMENT
Title Massachusetts general hospital: comprehensive clinical psychiatry. (2nd ed.)
Statement of responsibility, etc. Theodore A. Stern, Maurizio Fava, Timothy E. Wilens and Jerrold F. Rosenbaum
250 ## - EDITION STATEMENT
Edition statement 2nd ed.
260 ## - PUBLICATION, DISTRIBUTION, ETC.
Place of publication, distribution, etc. London.
Name of publisher, distributor, etc. Elsevier
Date of publication, distribution, etc. 2016
300 ## - PHYSICAL DESCRIPTION
Extent xx, 1038.: ill.
350 ## -
-- 229.99
650 ## - SUBJECT ADDED ENTRY--TOPICAL TERM
Topical term or geographic name entry element PSYCHIATIC CONSULTATION
650 ## - SUBJECT ADDED ENTRY--TOPICAL TERM
Topical term or geographic name entry element PATIENT--MENTAL HEALTH
650 ## - SUBJECT ADDED ENTRY--TOPICAL TERM
Topical term or geographic name entry element HOSPITALIZATION
700 ## - ADDED ENTRY--PERSONAL NAME
Personal name Wilens, Timothy E
700 ## - ADDED ENTRY--PERSONAL NAME
Personal name Stern, Theodore A
700 ## - ADDED ENTRY--PERSONAL NAME
Personal name Rosenbaum, Jerrold F
995 ## -
-- MEDICAL LIBRARY OPEN ACCESS
-- 903896
-- CBU-SCHOOL OF MEDICINE LIBRARY (Ndola)
-- 229.99
-- RC 455.2 Mas
-- 1
-- AVAILABLE
-- Apr 26, 2017
-- 903896
-- Medical Library Open Access Collection
999 ## -
-- 31980
-- 31980
Holdings
Withdrawn status Lost status Source of classification or shelving scheme Damaged status Not for loan Permanent Location Current Location Shelving location Date acquired Total Checkouts Full call number Barcode Date last seen Price effective from Koha item type
          CBU-SCHOOL OF MEDICINE LIBRARY, NDOLA. CBU-SCHOOL OF MEDICINE LIBRARY, NDOLA.   11/30/2022   RC 455.2 Mas 903896 11/30/2022 11/30/2022 MONOGRAPH